| 000 | 00557nam a2200217Ia 4500 | ||
|---|---|---|---|
| 003 | OSt | ||
| 005 | 20230616100427.0 | ||
| 008 | 210324s9999||||xx |||||||||||||| ||und|| | ||
| 040 | _cSTCPL | ||
| 041 | _aENG | ||
| 082 |
_a546.41 _bTHE-C |
||
| 100 | _aMoeller, Therald | ||
| 245 | 4 |
_aThe chemistry of the lanthanides / _cby Therald Moeller |
|
| 260 |
_aNew york : _bReinhold Publishing Co-Operation , _c1963 . |
||
| 300 |
_a117p. _bPB |
||
| 650 | _aChemistry | ||
| 650 | _aAtomic structure | ||
| 650 | _aOxidation states | ||
| 942 | _cBK | ||
| 942 | _2ddc | ||
| 999 |
_c9743 _d9743 |
||